Central Library OPAC University of Rajshahi

Handbook of Satellite communication. (Record no. 38686)

MARC details
000 -LEADER
fixed length control field 00729nam a2200241 a 4500
001 - CONTROL NUMBER
control field 38686
003 - CONTROL NUMBER IDENTIFIER
rucl marc code (BD-RjUL)
005 - DATE AND TIME OF LATEST TRANSACTION
control field 20211209052836.0
008 - FIXED-LENGTH DATA ELEMENTS--GENERAL INFORMATION
fixed length control field 871124s1987 enka b 001 0 eng
020 ## - INTERNATIONAL STANDARD BOOK NUMBER
International Standard Book Number 8172730039
035 ## - SYSTEM CONTROL NUMBER
System control number (BD-RjUL)
040 ## - CATALOGING SOURCE
Original cataloging agency DLC
Transcribing agency (BD-RjUL)
Modifying agency DLC
082 00 - DEWEY DECIMAL CLASSIFICATION NUMBER
Classification number 621.380422
Edition number 19
Author mark and year PAH 2000
100 ## - MAIN ENTRY--PERSONAL NAME
Personal name Pandey, Sudhir K.
9 (RLIN) 119308
245 00 - TITLE STATEMENT
Title Handbook of Satellite communication.
Statement of responsibility, etc. Sudhir K Pandey
260 ## - PUBLICATION, DISTRIBUTION, ETC. (IMPRINT)
Place of publication, distribution, etc. Delhi :
Name of publisher, distributor, etc. Authors Press ,
Date of publication, distribution, etc. c1999 [2000 reprint].
300 ## - PHYSICAL DESCRIPTION
Pagination v, 315 p. :
Illustrations ill. ;
Size 21 cm.
500 ## - GENERAL NOTE
General note Includes index.
504 ## - BIBLIOGRAPHY, ETC. NOTE
Bibliography, etc Includes index and Bibliography.
650 #0 - SUBJECT ADDED ENTRY--TOPICAL TERM
Topical term or geographic name as entry element Artificial satellites in telecommunication.
9 (RLIN) 117364
942 ## - ADDED ENTRY ELEMENTS (KOHA)
Source of classification or shelving scheme Dewey Decimal Classification
Koha item type Books
Holdings
Lost status Source of classification or shelving scheme Damaged status Not for loan Permanent Location Current Location Shelving location Date acquired Total Checkouts Full call number Date last seen Copy number Koha item type
  Dewey Decimal Classification   Not For Loan Department of Information and Communication Engineering (ICE) Library Department of Information and Communication Engineering (ICE) Library Seminar Library 07/02/2016   621.380422 PAH 2000 07/02/2016 C-1 Books